South American Countries in Order of Size - Statistics

General Stats
  • This quiz has been taken 40 times
  • The average score is 6 of 13
Answer Stats
Answer % Correct
2 Argentina
100%
1 Brazil
100%
3 Peru
76%
4 Colombia
61%
9 Ecuador
39%
5 Bolivia
36%
7 Chile
36%
11 Guyana
36%
8 Paraguay
36%
6 Venezuela
36%
13 French Guiana
30%
12 Suriname
27%
10 Uruguay
24%
No matching quizzes found
Score Distribution
Percent of People with Each Score
Percentile by Number Answered
Your Score History
You have not taken this quiz